| 000 | 01410nac a22003611i 4500 | ||
|---|---|---|---|
| 003 | EG-ScBUE | ||
| 005 | 20250701092828.0 | ||
| 008 | 250701t2007 caua f 001 0 eng d | ||
| 020 | _a9780321413703 | ||
| 020 | _a0321413709 | ||
| 035 | _a(OCoLC)ocm61247264 | ||
| 040 |
_aEG-ScBUE _beng _erda _cEG-ScBUE _dEG-ScBUE |
||
| 082 | 0 | 4 |
_a540 _bAVE _222 |
| 100 | 1 |
_aAverill, Bruce, _eauthor. |
|
| 245 | 1 | 0 |
_aChemistry : _bprinciples, patterns, and applications / _cBruce Averill, Patricia Eldredge ; with contributions by C. Alton Hassell, Baylor University, Daniel J. Stasko, University of Southern Maine. |
| 250 | _bInternational edition. | ||
| 264 | 1 |
_aSan Francisco : _bBenjamin Cummings, _c[2007] |
|
| 264 | 4 | _cc2007 | |
| 300 |
_a1 volume (various pagings) : _billustrations (some color) ; _c29 cm |
||
| 336 |
_2rdacontent _atext _btxt |
||
| 337 |
_aunmediated _2rdamedia _bn |
||
| 338 |
_avolume _bnc _2rdacarrier |
||
| 500 | _aIncludes index. | ||
| 500 | _aIncludes Appendices. | ||
| 650 | 7 |
_aChemistry _vTextbooks. _2BUEsh |
|
| 650 | 7 |
_aChemistry, Physical and theoretical _vTextbooks. _2BUEsh |
|
| 650 | 7 |
_aEnvironmental chemistry _vTextbooks. _2BUEsh |
|
| 650 | 7 |
_aChemistry, Technical _vTextbooks. _2BUEsh |
|
| 655 | _vReading book | ||
| 700 | 1 |
_aEldredge, Patricia, _eauthor. |
|
| 856 | 4 | 1 |
_3Table of contents _uhttp://www.loc.gov/catdir/toc/ecip0517/2005022980.html |
| 942 |
_cBB _2ddc |
||
| 999 |
_c2878 _d2878 |
||